00970cam a2200265 a 4500003000900000005001700009008004100026020003100067020001800098040002800116100002000144245010700164250001700271260003600288300006500324490003600389500003100425650003100456650005300487650004100540650005200581650002100633700001700654700003300671CO-ViMGA20230915233133.0130111s2012 ck a gr 000 j spa  a9789588306438 (coleccin̤) a9789588306582 aCO-ViMGAbspacCO-ViMGA10aVillegas, Maria10aCenicienta y la galleta de la fortuna cMaria Villegas y Jennie Kent ; ilustraciones de Elena Landinez a1a. edicion  aBogot bVillegas Editoresc2012 a[36] pg̀inas bilustraciones c25 cm.e18 hojas de lm̀inas0 aCocinando cuentos de hadas ;v5 aDonacion Villegas Editores14aCocina para niños 2LEMB14aCuentos infantiles colombianos 2LEMBySiglo XXI14aLibros ilustrados para niños2LEMB14aLiteratura infantil colombiana2LEMBySiglo XXI14aRecetarios2LEMB10aKent, Jennie10aLandn̕ez, Elenaeilustrador